[Event "Open Hotel Caravel A"]
[Site "Nago-Torbole ITA"]
[Date "2010.12.28"]
[Round "5"]
[White "Poletti, Fausto"]
[Black "Pescatore, Lorenzo"]
[Result "0-1"]
[WhiteElo "1919"]
[BlackElo "1999"]
[PlyCount "88"]
[EventDate "2010.12.26"]

1. c4 e5 2. g3 g6 3. Bg2 Bg7 4. Nc3 Ne7 5. e4 O-O 6. Nge2 Nbc6 7. d3 d6 8. Be3
f5 9. O-O Be6 10. Qd2 fxe4 11. Nxe4 Kh8 12. Rac1 Nf5 13. b3 Qd7 14. N2c3 Nfd4
15. f3 Nf5 16. Bf2 Bh6 17. Ng5 Nfd4 18. Be3 Nf5 19. Bf2 Bg8 20. f4 Bg7 21. Nd5
Ncd4 22. Rfe1 c6 23. Nc3 Ne6 24. Nxe6 Bxe6 25. Ne4 exf4 26. Qxf4 Be5 27. Qd2
Nd4 28. Ng5 Bg4 29. Kh1 Bf3 30. Bxd4 Bxg2+ 31. Qxg2 Bxd4 32. Qe4 Bb2 33. Qe6
Qg7 34. Rc2 Bc3 35. Ree2 Bb4 36. Kg2 h6 37. Nf3 Rf6 38. Qe7 Rf7 39. Qe6 Raf8
40. Rf2 Bc5 41. d4 Bxd4 42. Nxd4 Rxf2+ 43. Rxf2 Rxf2+ 44. Kxf2 Qxd4+ 0-1

[Event "Open Hotel Caravel A"]
[Site "Nago-Torbole ITA"]
[Date "2010.12.28"]
[Round "5"]
[White "Simmon, Norbert"]
[Black "Zanussi, Leandro"]
[Result "0-1"]
[WhiteElo "1865"]
[BlackElo "1677"]
[PlyCount "88"]
[EventDate "2010.12.26"]

1. g3 c5 2. c4 Nc6 3. Bg2 g6 4. Nc3 Bg7 5. d3 e6 6. Bf4 d6 7. Nf3 Nge7 8. O-O
O-O 9. Qd2 d5 10. cxd5 exd5 11. Bh6 Re8 12. Bxg7 Kxg7 13. e3 Nf5 14. Ne2 Be6
15. Nf4 b6 16. a3 Rc8 17. b4 d4 18. Nxe6+ Rxe6 19. e4 Nd6 20. bxc5 bxc5 21.
Rac1 Ne5 22. Ng5 Re8 23. Bh3 Qxg5 24. Qxg5 Nf3+ 25. Kg2 Nxg5 26. Bxc8 Rxc8 27.
f4 Ne6 28. a4 c4 29. f5 Nc5 30. dxc4 Ncxe4 31. fxg6 hxg6 32. Rf4 Nc3 33. Rxd4
Ne2 34. Rxd6 Nxc1 35. Rd7 a5 36. Rd5 Nb3 37. Rb5 Nd2 38. c5 Ne4 39. Kf3 Nxc5
40. Rxa5 Nb3 41. Ra7 Rc4 42. h4 Rc3+ 43. Kf4 Nc5 44. g4 Rc4+ 0-1

[Event "Open Hotel Caravel A"]
[Site "Nago-Torbole ITA"]
[Date "2010.12.28"]
[Round "5"]
[White "Sinner, Armin"]
[Black "Paniga, Danilo"]
[Result "0-1"]
[WhiteElo "1515"]
[BlackElo "1871"]
[PlyCount "78"]
[EventDate "2010.12.26"]

1. f4 e5 2. fxe5 d6 3. Nf3 Nc6 4. e4 Nxe5 5. Nc3 Nf6 6. d4 Ng6 7. Bc4 Be6 8. d5
Bd7 9. Bg5 h6 10. Bd2 Ng4 11. Qe2 N4e5 12. h3 Be7 13. O-O-O Bf6 14. Rdf1 a6 15.
Bb3 b5 16. a3 Qb8 17. Nd1 a5 18. c3 b4 19. cxb4 axb4 20. Bxb4 Bb5 21. Qc2 Nd3+
22. Kb1 Nxb4 23. axb4 Bxf1 24. Qc6+ Ke7 25. Rxf1 Ne5 26. Nxe5 Bxe5 27. Ba4 Rd8
28. Qc2 Qa7 29. b3 Rab8 30. Ne3 Rxb4 31. Nc4 Qxa4 32. Nxe5 Rxb3+ 33. Kc1 dxe5
34. Qxc7+ Qd7 35. Qc5+ Qd6 36. Qa7+ Rd7 37. Qf2 Qa3+ 38. Kd1 Rb1+ 39. Ke2 Rb2+
0-1

[Event "Open Hotel Caravel A"]
[Site "Nago-Torbole ITA"]
[Date "2010.12.28"]
[Round "5"]
[White "Tortorella, Giancarlo"]
[Black "Silini, Riccardo"]
[Result "0-1"]
[WhiteElo "1796"]
[BlackElo "1628"]
[PlyCount "60"]
[EventDate "2010.12.26"]

1. e4 e5 2. Bc4 Nf6 3. Nf3 d6 4. d3 Bg4 5. Nbd2 Be7 6. c3 a6 7. Qb3 d5 8. exd5
Bxf3 9. Nxf3 b5 10. Bxb5+ axb5 11. Qxb5+ Qd7 12. Qxd7+ Nbxd7 13. c4 O-O 14. a3
Bc5 15. O-O Rfe8 16. Bd2 e4 17. dxe4 Rxe4 18. b3 Re2 19. b4 Ne4 20. bxc5 Nxd2
21. Nxd2 Rxd2 22. c6 Nb6 23. Rfe1 Kf8 24. Re4 Rxa3 25. Rae1 Ra8 26. Re7 Rc8 27.
R7e4 Rc2 28. g3 Rxc4 29. Re5 Rd4 30. Re7 Rxd5 0-1

[Event "Open Hotel Caravel A"]
[Site "Nago-Torbole ITA"]
[Date "2010.12.28"]
[Round "5"]
[White "Trento, Giacomo"]
[Black "Petragnani, Gian Giacomo"]
[Result "0-1"]
[WhiteElo "1876"]
[BlackElo "1714"]
[PlyCount "72"]
[EventDate "2010.12.26"]

1. e4 g6 2. d4 Bg7 3. c4 d6 4. Nc3 Nd7 5. Nf3 e5 6. d5 Ne7 7. Bg5 h6 8. Be3 O-O
9. Qd2 Kh7 10. O-O-O f5 11. Qe1 Nf6 12. Bd3 f4 13. Bd2 Nd7 14. Be2 Nc5 15. g3
fxg3 16. hxg3 Rxf3 17. Bxh6 Rxc3+ 18. Qxc3 Bxh6+ 19. Qe3 Qf8 20. Rh4 Ng8 21.
Rdh1 Nd7 22. f4 exf4 23. gxf4 Kg7 24. Qg3 Ndf6 25. Qc3 Kf7 26. Qd4 Qg7 27. e5
dxe5 28. Qxe5 Ne8 29. Qe3 Bf5 30. c5 Nef6 31. Qb3 Be4 32. d6+ Kf8 33. Bf3 cxd6
34. Bxe4 Nxe4 35. Qe6 Re8 36. Qh3 Nf2 0-1

[Event "Open Hotel Caravel A"]
[Site "Nago-Torbole ITA"]
[Date "2010.12.28"]
[Round "5"]
[White "Varzi, Florian"]
[Black "Jimchi, Abdelaziz"]
[Result "1/2-1/2"]
[WhiteElo "1618"]
[BlackElo "1886"]
[PlyCount "101"]
[EventDate "2010.12.26"]

1. d4 d5 2. c4 e6 3. Nc3 Nf6 4. cxd5 exd5 5. Bg5 Be7 6. e3 c6 7. Qc2 O-O 8. Bd3
h6 9. Bh4 Be6 10. Nge2 Qb6 11. Nf4 Bd7 12. Nh3 Na6 13. a3 Qa5 14. O-O-O b5 15.
Na2 c5 16. dxc5 Nxc5 17. Kb1 Rac8 18. b4 Nxd3 19. bxa5 Rxc2 20. Kxc2 Ne5 21.
Nb4 Rc8+ 22. Kb3 Bf5 23. Rc1 Nc4 24. Rhd1 g5 25. Bg3 Be6 26. Ka2 Nxa5 27. Rxc8+
Bxc8 28. Nxd5 Nxd5 29. Rxd5 Be6 30. e4 Bxd5+ 31. exd5 Nc4 32. f3 Bxa3 33. Nf2
f5 34. Bb8 a5 35. Nd1 a4 36. Nc3 Bd6 37. Bxd6 Nxd6 38. Ka3 Kf7 39. Kb4 Ke7 40.
g3 h5 41. h3 Kd7 42. g4 hxg4 43. hxg4 fxg4 44. fxg4 Kc7 45. Ne2 Kb6 46. Nd4 Kb7
47. Ne6 Ne4 48. Nd4 Nf6 49. Kxb5 Nxg4 50. Kxa4 Ne5 51. Ne6 1/2-1/2

[Event "Open Hotel Caravel A"]
[Site "Nago-Torbole ITA"]
[Date "2010.12.28"]
[Round "5"]
[White "Zanin, Luca"]
[Black "Viola, Enrico"]
[Result "0-1"]
[WhiteElo "1497"]
[BlackElo "1713"]
[PlyCount "42"]
[EventDate "2010.12.26"]

1. c4 Nf6 2. Nc3 g6 3. Nf3 Bg7 4. g3 O-O 5. d4 d5 6. e3 c5 7. cxd5 Nxd5 8. Bg2
Nc6 9. Nxd5 Qxd5 10. O-O Qh5 11. dxc5 Bg4 12. h3 Bxh3 13. Bxh3 Qxh3 14. Qc2
Rad8 15. Qe4 Bf6 16. Nd2 Rd7 17. Qg2 Qh5 18. Ne4 Bg7 19. Rb1 f5 20. Nd2 Qe2 21.
Qf3 Rxd2 0-1

[Event "Open Hotel Caravel A"]
[Site "Nago-Torbole ITA"]
[Date "2010.12.29"]
[Round "6"]
[White "Bevilacqua, Maurizio"]
[Black "Dappiano, Andrea"]
[Result "1-0"]
[WhiteElo "2156"]
[BlackElo "2062"]
[PlyCount "63"]
[EventDate "2010.12.26"]

1. d4 d6 2. c4 e5 3. Nf3 e4 4. Ng5 f5 5. g3 Be7 6. Nh3 c6 7. Bg2 Nf6 8. Nc3 Na6
9. Rb1 Nc7 10. d5 cxd5 11. cxd5 O-O 12. O-O Bd7 13. a4 b5 14. axb5 Nxb5 15. Nf4
Rb8 16. Ra1 Nxc3 17. bxc3 Qc7 18. Be3 a5 19. Qd2 Rfc8 20. Rfc1 a4 21. c4 Rb3
22. Bd4 Qb7 23. Ne6 Bxe6 24. dxe6 Qa6 25. c5 dxc5 26. Bxf6 Bxf6 27. Qd5 Qa8 28.
Qxf5 Bxa1 29. Bxe4 Qa6 30. Rxa1 Rb6 31. Qxh7+ Kf8 32. Qf5+ 1-0

[Event "Open Hotel Caravel A"]
[Site "Nago-Torbole ITA"]
[Date "2010.12.29"]
[Round "6"]
[White "Briffault, Philippe"]
[Black "Sinner, Armin"]
[Result "0-1"]
[WhiteElo "1961"]
[BlackElo "1515"]
[PlyCount "104"]
[EventDate "2010.12.26"]

1. d4 f5 2. c4 Nf6 3. Nc3 e6 4. g3 Be7 5. Bg2 O-O 6. Nf3 d6 7. O-O Qe8 8. b4
Nbd7 9. Ng5 Nb6 10. Qb3 h6 11. Nh3 Qf7 12. f4 c6 13. a4 d5 14. c5 Nc4 15. Nd1
Ng4 16. Ne3 Ncxe3 17. Bxe3 Qh5 18. b5 Bd7 19. Bd2 Bf6 20. Qd3 g5 21. Rab1 Kh8
22. Rb3 Rg8 23. Bc3 gxf4 24. Rxf4 Bg5 25. Rf3 Raf8 26. Bd2 Bxd2 27. Qxd2 Qg6
28. Qa5 Qg7 29. Qxa7 Qxd4+ 30. Kh1 Qd1+ 31. Bf1 cxb5 32. axb5 d4 33. Qxb7 Bc8
34. Rbd3 Bxb7 35. Rxd1 Bxf3+ 36. exf3 Ne3 37. Rc1 Nxf1 38. Rxf1 Rb8 39. b6 Rgc8
40. Rc1 Rxb6 41. Nf2 Rb3 42. Rc4 e5 43. Kg2 Rc3 44. Ra4 R8xc5 45. h4 Rc2 46.
Kf1 Rc1+ 47. Kg2 R5c2 48. Ra8+ Kg7 49. Rd8 e4 50. fxe4 fxe4 51. Rxd4 e3 52.
Rg4+ Kh7 0-1

[Event "Open Hotel Caravel A"]
[Site "Nago-Torbole ITA"]
[Date "2010.12.29"]
[Round "6"]
[White "D'Amato, Piergiorgio"]
[Black "Facchetti, Lorenzo"]
[Result "0-1"]
[WhiteElo "1866"]
[BlackElo "1843"]
[PlyCount "50"]
[EventDate "2010.12.26"]

1. e4 c6 2. d4 d5 3. f3 e6 4. e5 c5 5. c3 Ne7 6. Bd3 Nec6 7. Ne2 Nd7 8. a3 cxd4
9. cxd4 Nxd4 10. O-O Bc5 11. Kh1 Nxe2 12. Qxe2 O-O 13. f4 f6 14. Qh5 f5 15. Nd2
Qe8 16. Qh3 Be7 17. Nf3 Nc5 18. Bd2 Ne4 19. Be3 Bd7 20. Nd4 Bd8 21. g4 Qe7 22.
gxf5 exf5 23. Rg1 Rc8 24. e6 Bxe6 25. Rxg7+ Kxg7 0-1

[Event "Open Hotel Caravel A"]
[Site "Nago-Torbole ITA"]
[Date "2010.12.29"]
[Round "6"]
[White "Dalponte, Dino"]
[Black "Poletti, Fausto"]
[Result "1-0"]
[WhiteElo "2141"]
[BlackElo "1919"]
[PlyCount "103"]
[EventDate "2010.12.26"]

1. d4 Nf6 2. Nf3 g6 3. c3 Bg7 4. Nbd2 d6 5. h3 Nbd7 6. e4 e5 7. d5 O-O 8. Bd3
Nc5 9. Bc2 Ne8 10. b4 Na6 11. Bd3 f5 12. Qe2 Nb8 13. Nb3 Nf6 14. Bg5 Qe8 15.
Rc1 fxe4 16. Bxe4 Nxe4 17. Qxe4 Na6 18. Qe3 Bd7 19. Rd1 Qf7 20. Bh4 h6 21. Qe4
Qf5 22. Qxf5 gxf5 23. O-O Rae8 24. Rfe1 Kh7 25. Na5 Bc8 26. a3 Nb8 27. c4 b6
28. Nb3 Bd7 29. c5 Ba4 30. Nfd2 bxc5 31. bxc5 Na6 32. cxd6 cxd6 33. Rc1 Rb8 34.
Na5 Rb5 35. Ndc4 Rxd5 36. Be7 Rb8 37. Bxd6 Rbb5 38. Nc6 Bb3 39. Bb4 Nxb4 40.
Nxb4 a5 41. Nxd5 Rxd5 42. Ne3 Rd3 43. Nxf5 Bf6 44. Rc7+ Kg6 45. Ne7+ Kg5 46. a4
Bxa4 47. Ng8 Bb3 48. h4+ Kg6 49. Nxf6 Kxf6 50. Rc6+ Be6 51. f4 Rd5 52. f5 1-0

[Event "Open Hotel Caravel A"]
[Site "Nago-Torbole ITA"]
[Date "2010.12.29"]
[Round "6"]
[White "De Nisi, Roberta"]
[Black "De Santis, Alessio"]
[Result "0-1"]
[WhiteElo "1925"]
[BlackElo "2293"]
[PlyCount "152"]
[EventDate "2010.12.26"]

1. d4 b6 2. c4 e6 3. Nc3 Bb4 4. a3 Bxc3+ 5. bxc3 Nf6 6. f3 d6 7. e4 c5 8. Be3
Nc6 9. Ne2 e5 10. d5 Na5 11. Ng3 O-O 12. Bd3 Ba6 13. Qe2 Qd7 14. Nf1 Nh5 15. g3
Qh3 16. Kf2 Rae8 17. Nd2 g6 18. Qf1 Qd7 19. Bh6 Ng7 20. g4 f6 21. h4 Rf7 22.
Qd1 Rb8 23. Rb1 Ne8 24. Kg3 Nc7 25. Qc2 Kh8 26. Rhf1 Rg8 27. Be3 f5 28. Bg5 f4+
29. Kf2 Kg7 30. h5 gxh5 31. gxh5 h6 32. Bh4 Kf8 33. Rg1 Rfg7 34. Rbf1 Qh3 35.
Rh1 Qg2+ 36. Ke1 Nxc4 37. Nxc4 Qxc2 38. Bxc2 Bxc4 39. Rf2 Rg1+ 40. Rxg1 Rxg1+
41. Kd2 Rh1 42. Bd8 Ne8 43. a4 Rxh5 44. Bd3 Bxd3 45. Kxd3 Rh1 46. Kc4 Rb1 47.
Rh2 Kg7 48. Rg2+ Kf7 49. Rh2 a6 50. Rxh6 b5+ 51. axb5 axb5+ 52. Kd3 Rb2 53. c4
Rb3+ 54. Kc2 bxc4 55. Rh7+ Kg8 56. Rh3 Rb8 57. Be7 Rb7 58. Bd8 Rd7 59. Ba5 Rh7
60. Rxh7 Kxh7 61. Kc3 Kg6 62. Kxc4 Kf7 63. Bd8 Ng7 64. Kb5 Ke8 65. Bh4 Kd7 66.
Kc4 Nh5 67. Kd3 Ng3 68. Kc2 Ne2 69. Bf2 Nd4+ 70. Kd3 Nxf3 71. Kc4 Kc7 72. Kc3
Kb6 73. Kc4 Ng5 74. Kd3 Kb5 75. Bh4 c4+ 76. Ke2 Nxe4 0-1

[Event "Open Hotel Caravel A"]
[Site "Nago-Torbole ITA"]
[Date "2010.12.29"]
[Round "6"]
[White "Gehrke, Rolf"]
[Black "Bisaro, Andrea"]
[Result "1-0"]
[WhiteElo "2084"]
[BlackElo "1742"]
[PlyCount "61"]
[EventDate "2010.12.26"]

1. Nf3 d5 2. g3 Nf6 3. Bg2 c6 4. O-O e6 5. d4 Be7 6. c4 Nbd7 7. Nc3 O-O 8. b3
Re8 9. Bb2 Qb6 10. Qc2 Qc7 11. Rac1 Qb8 12. Rfe1 b5 13. Nd2 b4 14. Na4 Nb6 15.
Nc5 Nbd7 16. e4 Nxc5 17. dxc5 Bb7 18. exd5 cxd5 19. cxd5 Nxd5 20. Qe4 Rc8 21.
Be5 Rc7 22. Bxc7 Qxc7 23. Qe5 Qc6 24. Bxd5 Qxd5 25. Qxd5 Bxd5 26. Ne4 Rc8 27.
Nd6 Rc6 28. Nf5 Bf6 29. Ne3 Bc3 30. Nxd5 Bxe1 31. Ne7+ 1-0

[Event "Open Hotel Caravel A"]
[Site "Nago-Torbole ITA"]
[Date "2010.12.29"]
[Round "6"]
[White "Giancotti, Eraldo"]
[Black "Panjkovic, Aleksandar"]
[Result "1-0"]
[WhiteElo "2065"]
[BlackElo "2165"]
[PlyCount "61"]
[EventDate "2010.12.26"]

1. Nf3 d6 2. d4 g6 3. Bf4 Bg7 4. Nc3 c6 5. e3 Nd7 6. Bc4 h6 7. Qe2 Ngf6 8. O-O
Nh5 9. Bg3 O-O 10. Bh4 Qe8 11. Rad1 d5 12. Bb3 f5 13. e4 g5 14. exd5 Kh8 15.
dxc6 bxc6 16. Bxg5 hxg5 17. Nxg5 Ndf6 18. f4 Nh7 19. Bf7 Nxf4 20. Rxf4 Rxf7 21.
Qh5 Bh6 22. Nxf7+ Qxf7 23. Qxf7 Bxf4 24. Rd3 Ng5 25. Qf8+ Kh7 26. Qxe7+ Kg6 27.
Ne2 Bb8 28. Rc3 a5 29. Rxc6+ Kh5 30. Qe8+ Kg4 31. h3+ 1-0

[Event "Open Hotel Caravel A"]
[Site "Nago-Torbole ITA"]
[Date "2010.12.29"]
[Round "6"]
[White "Jimchi, Abdelaziz"]
[Black "Careri, Massimiliano"]
[Result "1-0"]
[WhiteElo "1886"]
[BlackElo "1631"]
[PlyCount "87"]
[EventDate "2010.12.26"]

1. d4 e6 2. Nf3 Nf6 3. Bf4 c5 4. e3 d5 5. dxc5 Bxc5 6. c3 O-O 7. Qc2 Nbd7 8.
Bd3 h6 9. Nbd2 Re8 10. Bb5 e5 11. Bg3 e4 12. Nd4 Bxd4 13. cxd4 a6 14. Bxd7 Bxd7
15. O-O Rc8 16. Qb3 Bb5 17. Rfc1 Qd7 18. h3 Bd3 19. Be5 Nh7 20. Qd1 f6 21. Bh2
Qb5 22. Qb3 Qa5 23. Nf1 b6 24. Bc7 Bxf1 25. Kxf1 Re6 26. Rc2 Nf8 27. Rac1 Kh7
28. Rc3 Nd7 29. Kg1 Rce8 30. a3 f5 31. Qa2 Qb5 32. a4 Qe2 33. Qxd5 Nf8 34.
Qxf5+ Kh8 35. R3c2 Qd3 36. Be5 Ng6 37. Rc7 Nxe5 38. dxe5 Qd8 39. Qg4 g5 40. Qf5
R6e7 41. Rc8 Qd5 42. Qf6+ Kh7 43. Rxe8 Rxe8 44. Rc7+ 1-0

[Event "Open Hotel Caravel A"]
[Site "Nago-Torbole ITA"]
[Date "2010.12.29"]
[Round "6"]
[White "Lezzerini, Marco"]
[Black "De Vita, Gianni"]
[Result "0-1"]
[WhiteElo "1731"]
[BlackElo "2106"]
[PlyCount "58"]
[EventDate "2010.12.26"]

1. d4 d5 2. c4 e6 3. Nc3 c6 4. cxd5 exd5 5. Qc2 Nf6 6. Bg5 Be7 7. e3 O-O 8. Bd3
h6 9. Bh4 Re8 10. f3 c5 11. Nge2 Nc6 12. a3 cxd4 13. exd4 Be6 14. O-O Rc8 15.
Rac1 a6 16. Rfe1 Qb6 17. Bf2 Bd6 18. Na4 Qa7 19. Nc5 Nxd4 20. Bxd4 Bxc5 21.
Bxc5 b6 22. Qa4 bxc5 23. Qxa6 Qc7 24. Nd4 Bd7 25. Rxe8+ Rxe8 26. Nb5 Qf4 27.
Rd1 Qe3+ 28. Kf1 c4 29. Bc2 Qe2+ 0-1

[Event "Open Hotel Caravel A"]
[Site "Nago-Torbole ITA"]
[Date "2010.12.29"]
[Round "6"]
[White "Paniga, Danilo"]
[Black "Tortorella, Giancarlo"]
[Result "1-0"]
[WhiteElo "1871"]
[BlackElo "1796"]
[PlyCount "101"]
[EventDate "2010.12.26"]

1. d4 Nf6 2. Nf3 g6 3. Nbd2 Bg7 4. e4 O-O 5. Bd3 d6 6. O-O Nbd7 7. c3 e5 8.
dxe5 Nxe5 9. Nxe5 dxe5 10. Qc2 Qe7 11. a4 Nd7 12. b4 a5 13. b5 Rd8 14. Re1 Bf8
15. Nf3 Nc5 16. Bg5 f6 17. Bc4+ Be6 18. Bxe6+ Qxe6 19. Be3 Rd7 20. Red1 Rad8
21. Rxd7 Rxd7 22. Bxc5 Bxc5 23. Rd1 Rxd1+ 24. Qxd1 Qd6 25. Qxd6 Bxd6 26. Nd2 b6
27. Kf1 Kf7 28. Ke2 Ke6 29. Kd3 Bc5 30. f3 h5 31. Nb3 Kd6 32. Nxc5 Kxc5 33. h4
g5 34. g3 c6 35. bxc6 Kxc6 36. Kc4 Kb7 37. Kb5 Kc7 38. c4 Kb7 39. c5 bxc5 40.
Kxc5 gxh4 41. gxh4 Ka6 42. Kc6 Ka7 43. Kb5 Kb7 44. Kxa5 Kc6 45. Kb4 Kd6 46. Kc4
Kc6 47. a5 Kd6 48. Kb5 Kc7 49. Kc5 Kd7 50. a6 Kc7 51. Kd5 1-0

[Event "Open Hotel Caravel A"]
[Site "Nago-Torbole ITA"]
[Date "2010.12.29"]
[Round "6"]
[White "Pescatore, Lorenzo"]
[Black "De Vita, Igor"]
[Result "1/2-1/2"]
[WhiteElo "1999"]
[BlackElo "2078"]
[PlyCount "40"]
[EventDate "2010.12.26"]

1. e4 Nf6 2. e5 Nd5 3. c4 Nb6 4. c5 Nd5 5. Nc3 Nxc3 6. dxc3 d5 7. cxd6 exd6 8.
Nf3 Be7 9. Bf4 d5 10. Bd3 Nd7 11. Qc2 Nf8 12. O-O-O Bg4 13. Be4 c6 14. h3 Bh5
15. c4 Rc8 16. Kb1 Ne6 17. cxd5 Nxf4 18. dxc6 Qb6 19. Qd2 O-O 20. Qxf4 bxc6
1/2-1/2

[Event "Open Hotel Caravel A"]
[Site "Nago-Torbole ITA"]
[Date "2010.12.29"]
[Round "6"]
[White "Petragnani, Gian Giacomo"]
[Black "Benaglia, Giovanni"]
[Result "1/2-1/2"]
[WhiteElo "1714"]
[BlackElo "1996"]
[PlyCount "78"]
[EventDate "2010.12.26"]

1. Nf3 e6 2. g3 b6 3. Bg2 Bb7 4. O-O Be7 5. d3 d5 6. Nbd2 Nf6 7. Re1 c5 8. c3
Nc6 9. Qc2 h6 10. e4 a5 11. e5 Nd7 12. d4 cxd4 13. cxd4 Rc8 14. Qb1 g5 15. Re2
g4 16. Ne1 Nxd4 17. Re3 Bg5 18. Qd3 Bxe3 19. fxe3 Nf5 20. b3 Nxe5 21. Qe2 Rc3
22. Nf1 Qc7 23. Bb2 Rc5 24. Nd3 Rc2 25. Bxe5 Qxe5 26. Qxc2 Qxa1 27. Qc7 O-O 28.
Qxb7 Nxe3 29. Qxb6 Nxg2 30. Kxg2 Qxa2+ 31. Kg1 Rc8 32. Nc5 Rxc5 33. Qxc5 Qxb3
34. Qxa5 Qd1 35. Qd8+ Kg7 36. Qa5 Qd4+ 37. Kg2 Qe4+ 38. Kg1 Qd4+ 39. Kg2 Qe4+
1/2-1/2

[Event "Open Hotel Caravel A"]
[Site "Nago-Torbole ITA"]
[Date "2010.12.29"]
[Round "6"]
[White "Silini, Riccardo"]
[Black "Mora, Massimo"]
[Result "0-1"]
[WhiteElo "1628"]
[BlackElo "2014"]
[PlyCount "58"]
[EventDate "2010.12.26"]

1. Nf3 Nf6 2. d4 g6 3. c4 Bg7 4. Nc3 d5 5. cxd5 Nxd5 6. e4 Nxc3 7. bxc3 O-O 8.
Bc4 c5 9. Be3 Bg4 10. e5 Qc7 11. Rc1 Nc6 12. h3 Bxf3 13. Qxf3 e6 14. O-O Rfd8
15. Rfd1 a6 16. a4 Qa5 17. Qe2 Rd7 18. f4 cxd4 19. cxd4 Rad8 20. Qb2 Qxa4 21.
Rd3 Bf8 22. Bb3 Qb5 23. Rcd1 Na5 24. Qa2 Nxb3 25. Rxb3 Qd5 26. Qb2 Rc8 27. g4
Rdc7 28. Rc1 Rxc1+ 29. Bxc1 Rxc1+ 0-1

[Event "Open Hotel Caravel A"]
[Site "Nago-Torbole ITA"]
[Date "2010.12.29"]
[Round "6"]
[White "Trauth, Michael"]
[Black "Horn, Peter"]
[Result "1/2-1/2"]
[WhiteElo "2197"]
[BlackElo "2132"]
[PlyCount "63"]
[EventDate "2010.12.26"]

1. Nf3 f5 2. e4 fxe4 3. Ng5 d5 4. d3 Qd6 5. dxe4 h6 6. Qh5+ g6 7. Qh4 Nf6 8.
Nc3 Bg7 9. Nf3 g5 10. e5 gxh4 11. exd6 exd6 12. Nxh4 Kd8 13. Bd3 Re8+ 14. Ne2
Ne4 15. O-O Nc5 16. Ng3 Nxd3 17. cxd3 Nc6 18. Nhf5 Bxf5 19. Nxf5 Bf6 20. Bxh6
Kd7 21. Ne3 Rh8 22. Bf4 Bxb2 23. Rab1 Bd4 24. Nxd5 Rh5 25. Ne3 Rf8 26. g3 b6
27. Nc2 Rc5 28. Nxd4 Nxd4 29. Kg2 Rc2 30. a4 Ne6 31. Be3 Nc5 32. Bxc5 1/2-1/2

[Event "Open Hotel Caravel A"]
[Site "Nago-Torbole ITA"]
[Date "2010.12.29"]
[Round "6"]
[White "Troidl, Thomas"]
[Black "Simmon, Norbert"]
[Result "1-0"]
[WhiteElo "1915"]
[BlackElo "1865"]
[PlyCount "61"]
[EventDate "2010.12.26"]

1. e4 c5 2. Nf3 d6 3. d4 cxd4 4. Nxd4 Nf6 5. Nc3 e6 6. Bb5+ Nbd7 7. O-O Be7 8.
Be3 O-O 9. f4 a6 10. Be2 Qc7 11. g4 Nc5 12. Bf3 Rd8 13. g5 Ne8 14. f5 Rb8 15.
Qe1 b5 16. b4 Na4 17. Nxa4 bxa4 18. fxe6 fxe6 19. Bg4 e5 20. Bxc8 Qxc8 21. Nf5
Bf8 22. Qf2 Nc7 23. Qh4 Qe6 24. a3 d5 25. Rf3 dxe4 26. Qxe4 Nd5 27. Bd4 Re8 28.
Re1 Rbd8 29. Qxe5 Qc6 30. Nh6+ Kh8 31. Rxf8+ 1-0

[Event "Open Hotel Caravel A"]
[Site "Nago-Torbole ITA"]
[Date "2010.12.29"]
[Round "6"]
[White "Varzi, Florian"]
[Black "Fragni, Enrico"]
[Result "1-0"]
[WhiteElo "1618"]
[BlackElo "1762"]
[PlyCount "91"]
[EventDate "2010.12.26"]

1. d4 c6 2. c4 d6 3. e4 Nf6 4. Nc3 Qc7 5. f3 e5 6. d5 Be7 7. Be3 Nbd7 8. Be2 a5
9. Rc1 O-O 10. Qd2 h6 11. Bd1 Nh7 12. Nh3 Qd8 13. Ne2 f5 14. exf5 Rxf5 15. Bc2
Rh5 16. Ng3 Bh4 17. Bg6 Ndf6 18. Bxh5 Nxh5 19. Nf2 Nf4 20. Nfe4 Bf5 21. dxc6
Bxe4 22. fxe4 bxc6 23. O-O Bg5 24. Nf5 Nf6 25. Nxd6 Qc7 26. h4 Bxh4 27. Bxf4
exf4 28. e5 Nh5 29. Qd3 Rf8 30. Qh3 Qe7 31. Qg4 Ng3 32. Rfd1 h5 33. Qf3 Qxe5
34. Qxc6 Ne2+ 35. Kh1 Nxc1 36. Rxc1 Kh8 37. Rd1 f3 38. gxf3 Qf6 39. Qd5 g6 40.
Qd4 Qxd4 41. Rxd4 Bf2 42. Rd5 Be1 43. c5 Bb4 44. a3 Be1 45. c6 Bg3 46. c7 1-0

[Event "Open Hotel Caravel A"]
[Site "Nago-Torbole ITA"]
[Date "2010.12.29"]
[Round "6"]
[White "Zanussi, Leandro"]
[Black "Favre, Bruno"]
[Result "1-0"]
[WhiteElo "1677"]
[BlackElo "1964"]
[PlyCount "75"]
[EventDate "2010.12.26"]

1. e4 c6 2. d4 d5 3. exd5 cxd5 4. Nf3 Bg4 5. c3 Nc6 6. Bf4 Nf6 7. Bd3 e6 8.
Nbd2 Bd6 9. Bxd6 Qxd6 10. O-O O-O 11. Re1 Rac8 12. Qb3 Rc7 13. Ne5 Bh5 14. Ndf3
Rfc8 15. Nxc6 bxc6 16. Ne5 c5 17. Qa3 Qb6 18. dxc5 Rxc5 19. Rac1 Ra5 20. Qb3
Rb8 21. Nc6 Re8 22. Qxb6 axb6 23. Nxa5 bxa5 24. b4 axb4 25. cxb4 e5 26. Bb5 Rb8
27. Rxe5 Bg4 28. a4 Be6 29. f3 Kf8 30. Rb1 Ke7 31. Ree1 Kd6 32. Rec1 Rb6 33.
Bd3 Nd7 34. a5 Rb8 35. a6 Ne5 36. Be2 Nc4 37. b5 Kc5 38. a7 1-0

[Event "Open Hotel Caravel A"]
[Site "Nago-Torbole ITA"]
[Date "2010.12.29"]
[Round "7"]
[White "Benaglia, Giovanni"]
[Black "De Nisi, Roberta"]
[Result "1/2-1/2"]
[WhiteElo "1996"]
[BlackElo "1925"]
[PlyCount "55"]
[EventDate "2010.12.26"]

1. d4 f5 2. e4 fxe4 3. Nc3 g6 4. Nxe4 Bg7 5. Nf3 Nf6 6. Bd3 d6 7. h3 Nc6 8. c3
Bf5 9. Nfg5 Nxe4 10. Bxe4 Qd7 11. Bxf5 Qxf5 12. Qf3 Bf6 13. Qxf5 gxf5 14. O-O
h6 15. Ne6 Kd7 16. Re1 Rag8 17. Re2 Nd8 18. Nxd8 Kxd8 19. Bf4 h5 20. Rae1 Rg7
21. f3 Rhg8 22. Rd1 b6 23. d5 Bh4 24. Rd4 Bf6 25. Rdd2 Bg5 26. Bxg5 Rxg5 27.
Rd4 Rg3 28. Kf1 1/2-1/2

[Event "Open Hotel Caravel A"]
[Site "Nago-Torbole ITA"]
[Date "2010.12.29"]
[Round "7"]
[White "Bisaro, Andrea"]
[Black "Viola, Enrico"]
[Result "1/2-1/2"]
[WhiteElo "1742"]
[BlackElo "1713"]
[PlyCount "53"]
[EventDate "2010.12.26"]

1. d4 Nf6 2. c4 g6 3. Nc3 d5 4. cxd5 Nxd5 5. e4 Nxc3 6. bxc3 Bg7 7. Bc4 O-O 8.
Ne2 Nc6 9. Be3 Na5 10. Bd3 b6 11. O-O Bb7 12. f3 e6 13. Rc1 Qd7 14. Qd2 Rac8
15. Bh6 c5 16. Bxg7 Kxg7 17. Qb2 Kg8 18. Bb5 Qe7 19. Rfd1 Rfd8 20. Qa3 Qh4 21.
Qb2 c4 22. Rd2 a6 23. Ba4 b5 24. Bd1 Nc6 25. f4 Qf6 26. a3 h5 27. Bc2 1/2-1/2

[Event "Open Hotel Caravel A"]
[Site "Nago-Torbole ITA"]
[Date "2010.12.29"]
[Round "7"]
[White "Dalponte, Dino"]
[Black "Troidl, Thomas"]
[Result "0-1"]
[WhiteElo "2141"]
[BlackElo "1915"]
[PlyCount "72"]
[EventDate "2010.12.26"]

1. d4 Nf6 2. c3 g6 3. Bg5 Bg7 4. Nd2 O-O 5. e3 d6 6. Bd3 Nbd7 7. Ne2 e5 8. O-O
h6 9. Bh4 g5 10. Bg3 Nh5 11. f4 Nxg3 12. hxg3 Nf6 13. Ne4 Ng4 14. Qd2 d5 15.
Nf2 e4 16. Bc2 h5 17. Nxg4 Bxg4 18. Kf2 h4 19. Rh1 Bxe2 20. Qxe2 hxg3+ 21. Kxg3
gxf4+ 22. exf4 Qd6 23. Rh5 Bh6 24. Qg4+ Kh7 25. Qf5+ Qg6+ 26. Qxg6+ fxg6 27.
Rxd5 Bxf4+ 28. Kg4 Bd6 29. Re1 Rf4+ 30. Kg5 Raf8 31. Rxe4 Rf2 32. Bd1 Rxg2+ 33.
Bg4 Rf7 34. Rxd6 cxd6 35. Re6 Rf5+ 36. Kh4 Rf4 0-1

[Event "Open Hotel Caravel A"]
[Site "Nago-Torbole ITA"]
[Date "2010.12.29"]
[Round "7"]
[White "De Santis, Alessio"]
[Black "Giancotti, Eraldo"]
[Result "1-0"]
[WhiteElo "2293"]
[BlackElo "2065"]
[PlyCount "53"]
[EventDate "2010.12.26"]

1. d4 Nf6 2. c4 b6 3. Nc3 Bb7 4. f3 d5 5. cxd5 Nxd5 6. e4 Nxc3 7. bxc3 e5 8.
Bb5+ c6 9. Bc4 Nd7 10. Ne2 Qh4+ 11. g3 Qh5 12. O-O Be7 13. f4 O-O-O 14. fxe5
Nxe5 15. Rf5 Nf3+ 16. Kf2 Qxh2+ 17. Kxf3 g6 18. Rxf7 Rhf8 19. Be6+ Kb8 20. Bf4+
Ka8 21. Rxe7 Qh5+ 22. Bg4 Qg5 23. Rxh7 c5 24. Rxb7 Kxb7 25. Qa4 Qe7 26. Ke3
Rde8 27. Qd7+ 1-0